Classical mechanics / (Record no. 2569)

MARC details
000 -LEADER
fixed length control field 01032cam a22002892 4500
001 - CONTROL NUMBER
control field 0000004252
005 - DATE AND TIME OF LATEST TRANSACTION
control field 20151217145801.0
008 - FIXED-LENGTH DATA ELEMENTS--GENERAL INFORMATION
fixed length control field 070521s xx 000 0 eng d
020 ## - INTERNATIONAL STANDARD BOOK NUMBER
International Standard Book Number 0321188977, 8177582833 :
Terms of availability GBP 40.99
040 ## - CATALOGING SOURCE
Original cataloging agency KABU
Transcribing agency KABU
050 #0 - LIBRARY OF CONGRESS CALL NUMBER
Classification number QA805
Item number .G65 2002
100 1# - MAIN ENTRY--PERSONAL NAME
Personal name Goldstein, Herbert.
-- 0000154720
245 10 - TITLE STATEMENT
Title Classical mechanics /
Statement of responsibility, etc. Herbert Goldstein, Charles Poole, John Safko.
250 ## - EDITION STATEMENT
Edition statement 3rd ed.
260 ## - PUBLICATION, DISTRIBUTION, ETC. (IMPRINT)
Place of publication, distribution, etc. Upper Saddle River, NJ :
Name of publisher, distributor, etc. Prentice Hall,
Date of publication, distribution, etc. c2002.
300 ## - PHYSICAL DESCRIPTION
Extent xviii, 638 p. ;
Dimensions 24 cm.
504 ## - BIBLIOGRAPHY, ETC. NOTE
Bibliography, etc Includes bibliographical references and index.
650 #0 - SUBJECT ADDED ENTRY--TOPICAL TERM
Topical term or geographic name as entry element Mechanics, Analytic.
-- 0000154721
700 1# - ADDED ENTRY--PERSONAL NAME
Personal name Poole, Charles.
-- 0000154722
700 1# - ADDED ENTRY--PERSONAL NAME
Personal name Safko, John.
-- 0000154723
852 1# - LOCATION
-- p3000 KES
852 1# - LOCATION
-- p7018.70 KES
908 ## - PUT COMMAND PARAMETER (RLIN)
Put command parameter 070521
950 ## - LOCAL HOLDINGS (RLIN)
-- 1
Holdings
Withdrawn status Lost status Source of classification or shelving scheme Not for loan Home library Current library Date acquired Total Checkouts Full call number Barcode Date last seen Price effective from Koha item type
    Library of Congress Classification   Kabarak, Main Campus Kabarak, Main Campus 17/12/2015   QA805 .G65 2002 c. 1 009627 17/12/2015 17/12/2015 General Collection
    Library of Congress Classification   Kabarak, Main Campus Kabarak, Main Campus 17/12/2015   QA805 .G65 2002 c. 2 20622 17/12/2015 17/12/2015 General Collection
    Library of Congress Classification   Kabarak, Main Campus Kabarak, Main Campus 17/12/2015   QA805 .G65 2002 c. 4 21832 17/12/2015 17/12/2015 General Collection
    Library of Congress Classification   Kabarak, Main Campus Kabarak, Main Campus 17/12/2015   QA805 .G65 2002 c. 3 22301 17/12/2015 17/12/2015 General Collection
Designed with assistance from East African Informatics Ltd